Statistics for Who Did that Pop Song #1

Click here to take the quiz!

General Stats

  • This quiz has been taken 148,255 times
    (44,038 since last reset)
  • The average score is 20 of 30

Answer Stats

Year Song Band or Artist % Correct
2014Shake it OffTaylor Swift
94%
2008Poker FaceLady Gaga
94%
2008Single Ladies
(Put a Ring on It)
Beyonce Knowles
92%
2007UmbrellaRihanna
90%
2006Hips Don't LieShakira
86%
1983Billie JeanMichael Jackson
85%
2010California GurlsKaty Perry
85%
2009TiK ToKKe$ha
82%
201724K MagicBruno Mars
82%
1999...Baby One More TimeBritney Spears
82%
2006SexyBackJustin Timberlake
79%
2016Love YourselfJustin Bieber
76%
1984Like a VirginMadonna
75%
1997My Heart Will Go OnCeline Dion
73%
2005Hollaback GirlGwen Stefani
65%
2004Since U Been GoneKelly Clarkson
64%
2005Gold DiggerKanye West
64%
2013TimberPitbull
62%
2005My HumpsThe Black Eyed Peas
61%
2003Hey Ya!Outkast
61%
2003In da Club50 Cent
59%
1999Livin' la Vida LocaRicky Martin
58%
1987I Wanna Dance with
Somebody (Who Loves Me)
Whitney Houston
58%
1999Genie in a BottleChristina Aguilera
54%
1999No ScrubsTLC
51%
1998Gettin' Jiggy wit ItWill Smith
41%
1997MMMBopHanson
41%
1989Love ShackThe B-52's
32%
2000Thong SongSisqo
26%
1994The SignAce of Base
24%

Score Distribution

Percentile by Number Answered

Percent of People with Each Score

Your Score History

You have not taken this quiz since the last reset